000 00834nam a2200205 a 4500
008 200123s2016 ||||||||||||||||| || u
020 _a9781452235493
050 _aBF 636. 67 She
100 _aKocet, Michael M
245 1 0 _aEthical decision making for the 21st century counselor
_cBy Donna S. Sheperis ; Stacy L. Henning ; Micahel M. Kocet
260 _aLos Angeles
_bSAGE Publications
_c2016
300 _axxxviii, 348 pages : illustrations
350 _a92.70
650 _aCOUNSELORS--PROFESSIONAL ETHICS
650 _aPROFESSIONAL ETHICS
650 _aDECISION MAKING--MORAL AND ASPECTS
700 _aHenning, Stacy L
700 _aShepris, Donna S
995 _FCBU-MAIN LIBRARY (Kitwe)
_I92.70
_M1
_UAVAILABLE
_WJan 28, 2020
_ZMedical Library Open Access Collection
999 _c42515
_d42515